| 000 | 00801nam a22001817a 4500 | ||
|---|---|---|---|
| 008 | 100706s2004 xxu||||| |||| 00| 0 ara d | ||
| 020 | _a9775444101 | ||
| 082 |
_222 _a210,4 _bم ج ا |
||
| 100 | 1 |
_915961 _aمجاهد ، منتصر محمود |
|
| 245 |
_aفي الدراسات الإسلامية حدود وأحكام / _cمنتصر محمود مجاهد |
||
| 260 |
_aالقاهرة : _bدار القارئ العربي ، _c2004. |
||
| 300 |
_a398 ص : _c24 سم. |
||
| 541 |
_aألف باء ؛ _cشراء ؛ |
||
| 650 |
_915965 _aالإسلام _xأحكام |
||
| 650 |
_915966 _aالدراسات الإسلامية |
||
| 942 |
_2ddc _cBB |
||
| 999 |
_c14401 _d14401 |
||